000 01110cam a2200373 4500
008 090401t1994 xxu||||| |||| 00| 0 eng d
020 _a0854066578
035 _a(Sirsi) u60772
041 _aeng
050 _a333.0062
090 _aRICS 1994/58ABCD
100 _aChalkley, Richard
245 _aProfessional conduct: a handbook for chartered surveyors.
250 _a2nd ed.
260 _aLondon
_bRICS
_c1994
300 _ax,258p. ; 21cm.
350 _a12.95
650 _aRICS BYE-LAWS
650 _aABOUT RICS-RICS MEMBERS
650 _aRICS PROFESSIONAL INDEMNITY INSURANCE RULES
650 _aDIRECTORS RESPONSIBILITIES
650 _aDISCIPLINARY PROCEDURE
650 _aInsolvency
_96247
650 _aRICS MEMBERS' ACCOUNTS RULES
650 _aPARTNERSHIPS
650 _aPRIVATE PRACTICE
650 _aPROFESSIONAL CONDUCT
650 _aPROFESSIONAL INDEMNITY INSURANCE
650 _aPUBLIC SECTOR
690 _aMANAGEMENT-BUSINESS MANAGEMENT-PROFESSIONAL PRACTICE
710 _aRoyal Institution of Chartered Surveyors
_94900
942 _n0
948 _c04/03/1997
999 _c94253
_d94253